000 00690nam a2200229 i 4500
001 103536
003 ES-MaACL
005 20230906183406.0
007 t|
008 060404s1980 sp ||||1| spa d
020 _a0-8477-0058-5
080 _a821.134.2(729.5)-14"19"
100 1 _aPalma, Marigloria.
_988613
245 1 0 _aVersos de cada día
_b: (estampas numeradas) /
_cMari Gloria Palma.
250 _a1ª ed.
260 _aRío Piedras, Puerto Rico :
_bUniversidad de Puerto Rico,
_c1980.
300 _a228 p. ;
_c17 cm.
490 1 _aUprex. Poesía ;
_v58
830 0 _aUprex. Poesía ;
_v58
_9184772
852 _aES-MaACL
_jC-56824
_bR.137383
999 _c103536
_d103536